Biggest Cities in Africa - Extreme (Cities with Population over 500,000) - Statistics

General Stats
  • This quiz has been taken 1,086 times
  • The average score is 69 of 123
Answer Stats
# Country Population Answer % Correct
1 Egypt 16,545,000 Cairo
100%
4 South Africa 9,115,000 Johannesburg
98%
2 Nigeria 13,910,000 Lagos
98%
3 DR Congo 12,350,000 Kinshasa
96%
11 Egypt 4,960,000 Alexandria
95%
14 South Africa 3,980,000 Cape Town
95%
7 Kenya 5,765,000 Nairobi
95%
16 Algeria 3,790,000 Algiers
94%
12 Morocco 4,410,000 Casablanca
94%
33 Tunisia 2,280,000 Tunis
94%
31 Nigeria 2,605,000 Abuja
93%
17 Ethiopia 3,650,000 Addis Ababa
93%
8 Sudan 5,490,000 Khartoum
93%
6 Angola 7,560,000 Luanda
93%
38 Morocco 2,105,000 Rabat
93%
13 Ghana 4,260,000 Accra
92%
21 Senegal 3,450,000 Dakar
92%
59 Libya 1,130,000 Tripoli
92%
10 Tanzania 4,980,000 Dar es Salaam
91%
32 Somalia 2,590,000 Mogadishu
90%
24 South Africa 3,245,000 Pretoria
89%
19 South Africa 3,515,000 Durban
88%
30 Uganda 2,640,000 Kampala
88%
9 Cote d'Ivoire 5,145,000 Abidjan
87%
44 Sierra Leone 1,755,000 Freetown
87%
35 Zimbabwe 2,255,000 Harare
87%
29 Madagascar 2,685,000 Antananarivo
86%
20 Mali 3,455,000 Bamako
86%
40 Rep. of Congo 2,045,000 Brazzaville
86%
28 Mozambique 2,735,000 Maputo
86%
18 Cameroon 3,525,000 Yaounde
86%
27 Zambia 2,920,000 Lusaka
85%
15 Nigeria 3,875,000 Kano
83%
53 Rwanda 1,245,000 Kigali
83%
41 Togo 1,845,000 Lome
83%
45 Liberia 1,545,000 Monrovia
83%
49 Morocco 1,350,000 Marrakesh
82%
48 Chad 1,375,000 N'Djamena
82%
46 Niger 1,535,000 Niamey
82%
25 Burkina Faso 3,225,000 Ouagadougou
82%
43 Guinea 1,785,000 Conakry
81%
56 Morocco 1,195,000 Fes
81%
110 Djibouti 555,000 Djibouti
80%
63 Malawi 1,025,000 Lilongwe
80%
88 Gabon 745,000 Libreville
78%
54 Kenya 1,235,000 Mombasa
78%
73 Central African Rep. 840,000 Bangui
77%
101 Guinea-Bissau 625,000 Bissau
77%
52 South Africa 1,250,000 Port Elizabeth
77%
70 Eritrea 900,000 Asmara
76%
94 South Sudan 715,000 Juba
74%
67 Mauritania 945,000 Nouakchott
74%
116 South Africa 530,000 Bloemfontein
72%
22 Cameroon 3,310,000 Douala
72%
26 Nigeria 3,070,000 Ibadan
71%
62 Algeria 1,040,000 Oran
70%
39 Nigeria 2,060,000 Port Harcourt
70%
106 Gambia 580,000 Banjul
69%
57 Morocco 1,145,000 Tangier
69%
47 Nigeria 1,445,000 Benin City
68%
122 Benin 505,000 Porto Novo
68%
83 Libya 765,000 Benghazi
66%
71 Burundi 895,000 Bujumbura
65%
55 Benin 1,225,000 Cotonou
64%
23 Ghana 3,250,000 Kumasi
61%
35 DR Congo 2,255,000 Lubumbashi
61%
96 Egypt 685,000 Port Said
54%
114 Morocco 535,000 Agadir
50%
91 Tanzania 725,000 Zanzibar
50%
84 Tunisia 760,000 Sfax
49%
104 Egypt 610,000 Suez
48%
61 Rep. of Congo 1,045,000 Pointe Noire
45%
33 DR Congo 2,280,000 Mbuji-Mayi
42%
72 Malawi 880,000 Blantyre
39%
58 Nigeria 1,140,000 Kaduna
39%
60 DR Congo 1,120,000 Kisangani
39%
51 Nigeria 1,290,000 Aba
38%
121 South Africa 510,000 East London
38%
74 Somalia 840,000 Hargeysa
38%
5 Nigeria 7,850,000 Onitsha
37%
113 Zimbabwe 540,000 Bulawayo
36%
50 DR Congo 1,305,000 Kananga
34%
105 Algeria 590,000 Constantine
33%
81 Nigeria 795,000 Maiduguri
33%
66 DR Congo 970,000 Goma
32%
75 Nigeria 830,000 Jos
31%
64 Tanzania 990,000 Mwanza
31%
80 Burkina Faso 800,000 Bobo-Dioulasso
29%
85 Nigeria 755,000 Enugu
28%
103 Angola 615,000 Benguela
27%
68 Nigeria 935,000 Ilorin
26%
82 Nigeria 770,000 Warri
26%
86 Nigeria 750,000 Zaria
25%
92 Morocco 720,000 Meknes
24%
102 Nigeria 620,000 Sokoto
24%
99 Angola 650,000 Huambo
23%
69 Senegal 930,000 Touba
23%
65 DR Congo 970,000 Bukavu
21%
97 Mozambique 675,000 Nampula
21%
37 Nigeria 2,230,000 Uyo
20%
98 Zambia 675,000 Kitwe
19%
95 Angola 685,000 Lubango
17%
117 Zambia 530,000 Ndola
17%
89 Libya 745,000 Misrata
16%
87 Cote d'Ivoire 745,000 Bouake
15%
118 Egypt 525,000 Mansoura
15%
78 Sudan 815,000 Nyala
15%
77 Nigeria 815,000 Owerri
15%
123 Nigeria 505,000 Ogbomosho
14%
107 Ghana 570,000 Sekondi Takoradi
14%
115 Morocco 530,000 Tetouan
14%
111 DR Congo 545,000 Likasi
13%
112 Nigeria 540,000 Abeokuta
12%
120 DR Congo 515,000 Kolwezi
12%
79 DR Congo 810,000 Tshikapa
12%
100 Nigeria 630,000 Akure
11%
109 Nigeria 560,000 Bauchi
10%
93 Nigeria 715,000 Osogbo
10%
42 Nigeria 1,840,000 Nsukka
8%
119 Egypt 520,000 El Mahalla El Kubra
6%
76 Nigeria 825,000 Ikorodu
5%
90 South Africa 735,000 Vereeniging
4%
108 Nigeria 570,000 Lokoja
3%
No matching quizzes found
Score Distribution
Percent of People with Each Score
Percentile by Number Answered
Your Score History
You have not taken this quiz